000 00936 a2200229 4500
005 20090302144546.0
008 090302t xxu||||| |||| 00| 0 eng d
010 _aB-284503
020 _a9780552996693
_c(£3.95) 355.50
035 _aB-284503
037 _bPansy
040 _aDPL
_bEnglish
082 _aS
100 _aDivakaruni, Chitra Banerjee
245 _aArranged marriage /
_cby Chitra Banerjee Divakaruni
260 _aLondon
_bBlack Swan
_c1997
270 _a61-63 Uxbridge Road
_bLondon
_eW5 5SA
300 _a307p.
_c20cm. (pbk)
942 _adpl
_cEN
_2ddc
_hS
_mDIV
999 _c25844
_d25844